[Event "Titled Tuesday intern op 16th Apr Early"]
[Site "Chess.com INT"]
[Date "2024.04.16"]
[Round "5"]
[White "Arslanov, Shamil"]
[Black "Buchenau, Frank"]
[Result "1-0"]
[WhiteElo "2410"]
[BlackElo "2175"]
[PlyCount "57"]
[EventDate "2024.04.16"]
[EventType "swiss (blitz)"]
[EventRounds "11"]
[EventCountry "USA"]
[SourceTitle "CB17_2024"]
[SourceDate "2024.04.24"]
[SourceVersion "1"]
[SourceVersionDate "2024.04.24"]
[SourceQuality "1"]

1. d4 e6 2. e3 Nf6 3. Bd3 c5 4. c3 d5 5. Nd2 Nc6 6. f4 cxd4 7. exd4 Bd6 8. Qf3 0-0 9. Nh3 b5 10. 0-0 Qb6 11. Kh1 b4 12. Nf2 Ba6 13. Bxa6 Qxa6 14. Rg1 bxc3 15. bxc3 Rab8 16. g4 Nd7 17. g5 Ne7 18. Nf1 Nf5 19. Ng3 Rfc8 20. Ng4 Qa5 21. Bd2 Rb2 22. Be1 Rxa2 23. Rxa2 Qxa2 24. Nxf5 exf5 25. Nh6+ gxh6 26. gxh6+ Kh8 27. Qg3 Be5 28. dxe5 Qc2 29. Qg7# 1-0

[Event "Titled Tuesday intern op 16th Apr Late"]
[Site "Chess.com INT"]
[Date "2024.04.16"]
[Round "6"]
[White "Buchenau, Frank"]
[Black "Gonzalez Zharikov, Andrey"]
[Result "1/2-1/2"]
[WhiteElo "2175"]
[BlackElo "2037"]
[PlyCount "99"]
[EventDate "2024.04.16"]
[EventType "swiss (blitz)"]
[EventRounds "11"]
[EventCountry "USA"]
[SourceTitle "CB17_2024"]
[SourceDate "2024.04.24"]
[SourceVersion "1"]
[SourceVersionDate "2024.04.24"]
[SourceQuality "1"]

1. e4 c6 2. Nf3 d5 3. d3 dxe4 4. dxe4 Qxd1+ 5. Kxd1 Bg4 6. Be2 Nd7 7. h3 Bxf3 8. Bxf3 e6 9. c3 Bc5 10. Rf1 a5 11. Kc2 Ne7 12. Nd2 a4 13. Nc4 b5 14. Ne3 0-0 15. Bd2 Rfd8 16. b4 Bb6 17. Rad1 Rac8 18. Be2 c5 19. Kb1 c4 20. Ng4 h5 21. Nh2 g6 22. f4 Nf6 23. Bf3 Rd7 24. Bc1 Rcd8 25. Kc2 Kg7 26. Rxd7 Rxd7 27. g4 Nc6 28. g5 Ne8 29. f5 Ne5 30. Bf4 Nd3 31. Bg3 Bc7 32. Bxc7 Nxc7 33. f6+ Kf8 34. Be2 Ne5 35. Nf3 Nxf3 36. Rxf3 e5 37. Rf1 Ne6 38. h4 Nf4 39. Re1 Ng2 40. Rh1 Nf4 41. Re1 Ke8 42. Bf1 Kd8 43. Rd1 Kc7 44. Rxd7+ Kxd7 45. Kd2 Kd6 46. Ke3 Ne6 47. Kf3 Nf4 48. Ke3 Ne6 49. Bh3 Nf4 50. Bf1 1/2-1/2

[Event "Titled Tuesday intern op 16th Apr Early"]
[Site "Chess.com INT"]
[Date "2024.04.16"]
[Round "11"]
[White "Fayard, Alain"]
[Black "Buchenau, Frank"]
[Result "0-1"]
[WhiteElo "2127"]
[BlackElo "2175"]
[PlyCount "86"]
[EventDate "2024.04.16"]
[EventType "swiss (blitz)"]
[EventRounds "11"]
[EventCountry "USA"]
[SourceTitle "CB17_2024"]
[SourceDate "2024.04.24"]
[SourceVersion "1"]
[SourceVersionDate "2024.04.24"]
[SourceQuality "1"]

1. e4 e6 2. d4 d5 3. Nc3 Nf6 4. e5 Nfd7 5. f4 c5 6. Nf3 Nc6 7. Be3 a6 8. Ne2 b5 9. c3 b4 10. Qd2 bxc3 11. bxc3 Rb8 12. Ng3 cxd4 13. Nxd4 Nxd4 14. Bxd4 h5 15. f5 h4 16. fxe6 hxg3 17. exd7+ Qxd7 18. h3 Ba3 19. Bd3 Rb2 20. Qg5 0-0 21. 0-0 Rxg2+ 22. Kxg2 Qxh3+ 23. Kf3 g2+ 24. Kf2 gxf1Q+ 25. Bxf1 Qh2+ 26. Bg2 Qh6 27. Qxh6 gxh6 28. Bxd5 Be6 29. Rg1+ Kh8 30. Be4 Rg8 31. Rh1 Kg7 32. Be3 Rh8 33. Rb1 Be7 34. Rb6 a5 35. Ra6 Bd8 36. Bd4 h5 37. Kg3 h4+ 38. Kh2 h3 39. c4 Rh4 40. Bd5 Bxd5 41. cxd5 Rxd4 42. d6 Rd3 43. Ra8 Bg5 0-1

[Event "Titled Tuesday intern op 16th Apr Early"]
[Site "Chess.com INT"]
[Date "2024.04.16"]
[Round "9"]
[White "Martin Rueda, Daniel"]
[Black "Buchenau, Frank"]
[Result "0-1"]
[WhiteElo "2270"]
[BlackElo "2175"]
[PlyCount "140"]
[EventDate "2024.04.16"]
[EventType "swiss (blitz)"]
[EventRounds "11"]
[EventCountry "USA"]
[SourceTitle "CB17_2024"]
[SourceDate "2024.04.24"]
[SourceVersion "1"]
[SourceVersionDate "2024.04.24"]
[SourceQuality "1"]

1. e4 e6 2. d3 d5 3. Qe2 dxe4 4. dxe4 b6 5. Nf3 Ba6 6. c4 Bb4+ 7. Bd2 Bxd2+ 8. Nbxd2 Nc6 9. 0-0-0 e5 10. Qe3 Nf6 11. c5 Bxf1 12. Rhxf1 0-0 13. Kb1 Qe7 14. Rc1 b5 15. Nh4 g6 16. g3 Rfd8 17. f4 exf4 18. Rxf4 Nd5 19. Qf2 Nxf4 20. gxf4 Rxd2 21. Qxd2 Qxh4 22. e5 Rd8 23. Qg2 Nd4 24. Qb7 Qxf4 25. a3 Qf5+ 26. Ka2 Qe6+ 27. Kb1 Nb3 28. Re1 c6 29. Qxa7 Rd5 30. Qb8+ Kg7 31. h4 Rxc5 32. h5 Nd2+ 33. Ka1 Nf3 34. h6+ Kxh6 35. Qf8+ Kg5 36. Qxc5 Nxe1 37. Qg1+ Kf5 38. Qf2+ Kxe5 39. Qxe1+ Kd6 40. Qb4+ Kd7 41. Qd4+ Qd5 42. Qa7+ Kd6 43. Qb8+ Kc5 44. Qa7+ Kc4 45. Qe3 Qd1+ 46. Ka2 Qd3 47. Qc1+ Kd5 48. Qg5+ f5 49. Qd8+ Ke4 50. Qe8+ Kf4 51. Qxc6 Qc4+ 52. Qxc4+ bxc4 53. a4 Ke3 54. a5 f4 55. a6 f3 56. a7 f2 57. a8Q f1Q 58. Qe8+ Kd2 59. Qd7+ Qd3 60. Qxh7 Qb3+ 61. Ka1 Qa4+ 62. Kb1 Qd1+ 63. Ka2 Qb3+ 64. Ka1 Qa4+ 65. Kb1 Qd1+ 66. Ka2 Qc2 67. Qh2+ Kc1 68. Qg1+ Qd1 69. Qxg6 Qb3+ 70. Ka1 Qxb2# 0-1

[Event "Titled Tuesday intern op 27th Feb Late"]
[Site "Chess.com INT"]
[Date "2024.02.27"]
[Round "2"]
[White "Buchenau, Frank"]
[Black "Guzman Lozano, Campo Elias"]
[Result "1-0"]
[WhiteElo "2175"]
[BlackElo "1837"]
[PlyCount "39"]
[EventDate "2024.02.27"]
[EventType "swiss (blitz)"]
[EventRounds "11"]
[EventCountry "USA"]
[SourceTitle "CB10_2024"]
[SourceDate "2024.03.06"]
[SourceVersion "1"]
[SourceVersionDate "2024.03.06"]
[SourceQuality "1"]

1. e4 c5 2. Nf3 Nc6 3. Bb5 e5 4. 0-0 Bd6 5. c3 Nge7 6. Re1 0-0 7. d4 Qc7 8. d5 Nd8 9. a4 a6 10. Bf1 f5 11. exf5 Nxf5 12. Nbd2 Re8 13. Ne4 Nf7 14. a5 Bf8 15. Nfd2 N5d6 16. Qh5 Nxe4 17. Nxe4 d6 18. Bd3 g6 19. Nf6+ Kg7 20. Nxe8+ 1-0

[Event "Titled Tuesday intern op 27th Feb Late"]
[Site "Chess.com INT"]
[Date "2024.02.27"]
[Round "11"]
[White "Buchenau, Frank"]
[Black "Rohwer, Paul"]
[Result "1-0"]
[WhiteElo "2175"]
[BlackElo "2225"]
[PlyCount "101"]
[EventDate "2024.02.27"]
[EventType "swiss (blitz)"]
[EventRounds "11"]
[EventCountry "USA"]
[SourceTitle "CB10_2024"]
[SourceDate "2024.03.06"]
[SourceVersion "1"]
[SourceVersionDate "2024.03.06"]
[SourceQuality "1"]

1. e4 c5 2. Nf3 d6 3. Bb5+ Nd7 4. 0-0 a6 5. Bd3 Ngf6 6. Re1 g6 7. c3 Bg7 8. Bf1 0-0 9. d4 Qc7 10. a4 b6 11. h3 e5 12. d5 Rb8 13. c4 h6 14. Nc3 Nh7 15. Be3 f5 16. Nh4 f4 17. Bd2 g5 18. Nf5 Ndf6 19. g3 Nxe4 20. Nxh6+ Bxh6 21. Nxe4 Nf6 22. Nxf6+ Rxf6 23. gxf4 gxf4 24. Kh2 Kh8 25. Bd3 Bf5 26. Bxf5 Rxf5 27. Qg4 Rg5 28. Qe6 Kh7 29. Rg1 Rbg8 30. Rxg5 Rxg5 31. Rg1 Rxg1 32. Kxg1 Bf8 33. Qf5+ Kg8 34. h4 Qh7 35. Qxh7+ Kxh7 36. Kg2 Kg6 37. Kh3 Kh5 38. f3 Be7 39. Be1 Bd8 40. b4 Be7 41. a5 bxa5 42. bxc5 a4 43. c6 Bd8 44. Bb4 Bc7 45. c5 dxc5 46. Bxc5 a3 47. Bxa3 Kg6 48. d6 Bb6 49. c7 Bxc7 50. dxc7 Kf7 51. c8Q 1-0

[Event "Titled Tuesday intern op 27th Feb Late"]
[Site "Chess.com INT"]
[Date "2024.02.27"]
[Round "8"]
[White "Golubenko, Valentina"]
[Black "Buchenau, Frank"]
[Result "0-1"]
[WhiteElo "2209"]
[BlackElo "2175"]
[PlyCount "74"]
[EventDate "2024.02.27"]
[EventType "swiss (blitz)"]
[EventRounds "11"]
[EventCountry "USA"]
[SourceTitle "CB10_2024"]
[SourceDate "2024.03.06"]
[SourceVersion "1"]
[SourceVersionDate "2024.03.06"]
[SourceQuality "1"]

1. d4 e6 2. Nf3 Nf6 3. g3 b6 4. Bg2 Bb7 5. c4 Be7 6. Nc3 0-0 7. 0-0 Ne4 8. Qc2 Nxc3 9. bxc3 Nc6 10. e4 d6 11. Rb1 Na5 12. Qe2 Ba6 13. Nd2 e5 14. f4 c5 15. fxe5 dxe5 16. dxe5 Bg5 17. Rf5 g6 18. Rxg5 Qxg5 19. Nf3 Bxc4 20. Qf2 Qd8 21. Bh6 Qd3 22. Re1 Rfd8 23. Nh4 f6 24. Qxf6 Qd7 25. e6 Bxe6 26. e5 Rf8 27. Bxf8 Rxf8 28. Qg5 Nc4 29. Be4 Qd8 30. Qxd8 Rxd8 31. Kg2 Rd2+ 32. Kf3 Rxa2 33. Rd1 Nd2+ 34. Ke3 Nc4+ 35. Kf3 Nxe5+ 36. Kf4 Nd7 37. Nf3 Ra4 0-1

[Event "Titled Tuesday intern op 13th Feb Late"]
[Site "Chess.com INT"]
[Date "2024.02.13"]
[Round "9"]
[White "Buchenau, Frank"]
[Black "Al Tarbosh, Ward"]
[Result "1-0"]
[WhiteElo "2175"]
[BlackElo "2278"]
[PlyCount "179"]
[EventDate "2024.02.13"]
[EventType "swiss (blitz)"]
[EventRounds "11"]
[EventCountry "USA"]
[SourceTitle "CB08_2024"]
[SourceDate "2024.02.21"]
[SourceVersion "1"]
[SourceVersionDate "2024.02.21"]
[SourceQuality "1"]

1. e4 e6 2. d4 d5 3. Nc3 Nf6 4. e5 Nfd7 5. f4 c5 6. Nf3 Nc6 7. Be3 a5 8. Bb5 Qb6 9. 0-0 cxd4 10. Nxd4 Bc5 11. Bxc6 bxc6 12. Na4 Qc7 13. Nxc5 Nxc5 14. Nf5 exf5 15. Bxc5 Ba6 16. Re1 0-0-0 17. Qd4 Kb7 18. Re3 Bc4 19. b3 Ba6 20. e6 fxe6 21. Rxe6 Rhe8 22. Rae1 Rxe6 23. Rxe6 Rd7 24. Kf2 g5 25. Qe5 Qxe5 26. Rxe5 gxf4 27. Rxf5 d4 28. Rxf4 d3 29. cxd3 Bxd3 30. g4 Bg6 31. Ke2 Rd5 32. Be3 Bb1 33. a3 Bc2 34. b4 a4 35. Rd4 Kc7 36. Rxd5 cxd5 37. Bd4 Kc6 38. Kd2 Be4 39. h4 Kb5 40. Kc3 Bf3 41. g5 Bh5 42. Be5 Kc6 43. Kd4 Bg6 44. Bf6 Bf5 45. Be7 Bg6 46. Bf8 Bf7 47. Ke5 Kb5 48. Kf6 d4 49. Bd6 d3 50. Bf4 Bh5 51. Kg7 Bg6 52. Kh6 Kc4 53. h5 Be4 54. g6 hxg6 55. hxg6 Kb3 56. g7 Bd5 57. Kh7 Kxa3 58. b5 Kb4 59. b6 a3 60. Bd6+ Kb5 61. b7 Bxb7 62. g8Q d2 63. Qb3+ Kc6 64. Qc3+ Kxd6 65. Qxd2+ Bd5 66. Qb4+ Ke6 67. Qxa3 Ke5 68. Qc3+ Ke6 69. Kh6 Be4 70. Kg5 Bd5 71. Kf4 Bc6 72. Qe5+ Kd7 73. Kf5 Kc8 74. Kf6 Bd7 75. Qd6 Kd8 76. Qb8+ Bc8 77. Qd6+ Bd7 78. Qe7+ Kc8 79. Ke5 Kc7 80. Kd4 Kc6 81. Kc4 Kc7 82. Qe5+ Kc6 83. Qc5+ Kb7 84. Kd5 Bc8 85. Kd6 Kb8 86. Qc7+ Ka8 87. Qxc8+ Ka7 88. Qc5+ Ka6 89. Qb4 Ka7 90. Kc7 1-0

[Event "Titled Tuesday intern op 06th Feb Early"]
[Site "Chess.com INT"]
[Date "2024.02.06"]
[Round "6"]
[White "Kosteniuk, Alexandra"]
[Black "Buchenau, Frank"]
[Result "1-0"]
[WhiteElo "2501"]
[BlackElo "2175"]
[PlyCount "65"]
[EventDate "2024.02.06"]
[EventType "swiss (blitz)"]
[EventRounds "11"]
[EventCountry "USA"]
[SourceTitle "CB07_2024"]
[SourceDate "2024.02.14"]
[SourceVersion "1"]
[SourceVersionDate "2024.02.14"]
[SourceQuality "1"]

1. d4 e6 2. e4 d5 3. exd5 exd5 4. Nf3 Bf5 5. Bd3 Bxd3 6. Qxd3 Nc6 7. 0-0 Bd6 8. Nbd2 Nge7 9. c4 dxc4 10. Nxc4 0-0 11. Bg5 Qd7 12. Rfd1 h6 13. Bd2 Qf5 14. Qb3 Qd5 15. Rac1 b5 16. Nxd6 Qxb3 17. axb3 cxd6 18. d5 Ne5 19. Nxe5 dxe5 20. Bb4 Rfe8 21. d6 Nf5 22. d7 Reb8 23. Rd5 Nd4 24. Kf1 f6 25. Be7 Ne6 26. Rc6 Nd8 27. Rc8 Rxc8 28. dxc8Q Rxc8 29. Rxd8+ Rxd8 30. Bxd8 Kf7 31. Ke2 Ke6 32. Kd3 Kd5 33. g4 1-0

[Event "Titled Tuesday intern op 06th Feb Late"]
[Site "Chess.com INT"]
[Date "2024.02.06"]
[Round "1"]
[White "Mekhitarian, Krikor Sevag"]
[Black "Buchenau, Frank"]
[Result "1-0"]
[WhiteElo "2554"]
[BlackElo "2175"]
[PlyCount "57"]
[EventDate "2024.02.06"]
[EventType "swiss (blitz)"]
[EventRounds "11"]
[EventCountry "USA"]
[SourceTitle "CB07_2024"]
[SourceDate "2024.02.14"]
[SourceVersion "1"]
[SourceVersionDate "2024.02.14"]
[SourceQuality "1"]

1. Nf3 Nf6 2. c4 e6 3. Nc3 b6 4. e4 Bb7 5. Bd3 d6 6. Bc2 c5 7. d4 cxd4 8. Nxd4 Nbd7 9. f4 g6 10. 0-0 a6 11. f5 e5 12. Nb3 b5 13. Bg5 Qb6+ 14. Kh1 bxc4 15. Nd2 Qxb2 16. Rb1 Qxc3 17. Rxb7 Be7 18. Ba4 Rd8 19. Bxf6 Bxf6 20. fxg6 hxg6 21. Rxf6 0-0 22. Rxd7 Rxd7 23. Bxd7 Qd4 24. Rf1 c3 25. Nf3 Qxe4 26. Ba4 d5 27. Bc2 Qe3 28. Re1 Qf4 29. Nxe5 1-0

[Event "Titled Tuesday intern op 23rd Jan Late"]
[Site "Chess.com INT"]
[Date "2024.01.23"]
[Round "9"]
[White "Sargsyan, Anna M"]
[Black "Buchenau, Frank"]
[Result "1-0"]
[WhiteElo "2377"]
[BlackElo "2135"]
[PlyCount "63"]
[EventDate "2024.01.23"]
[EventType "swiss (blitz)"]
[EventRounds "11"]
[EventCountry "USA"]
[SourceTitle "CB05_2024"]
[SourceDate "2024.01.31"]
[SourceVersion "1"]
[SourceVersionDate "2024.01.31"]
[SourceQuality "1"]

1. d4 e6 2. c4 Nf6 3. Nf3 b6 4. g3 Bb7 5. Bg2 Be7 6. Nc3 0-0 7. d5 Bb4 8. 0-0 Bxc3 9. bxc3 exd5 10. Nh4 c6 11. cxd5 Nxd5 12. c4 Qf6 13. Ba3 Nc3 14. Qc2 Re8 15. e3 b5 16. Rac1 a5 17. cxb5 Nxb5 18. Bb2 Qe6 19. Nf5 f6 20. Rfd1 d5 21. Bh3 Qe4 22. Qe2 a4 23. Qh5 g6 24. Qh6 gxf5 25. Qxf6 d4 26. Bxf5 Qe5 27. Qg5+ Qg7 28. Qh5 Rf8 29. Bxd4 Nxd4 30. Rxd4 Kh8 31. Rg4 Qf7 32. Qh6 1-0